| 000 | 00449nam a22001577a 4500 | ||
|---|---|---|---|
| 008 | 230510b |||||||| |||| 00| 0 eng d | ||
| 040 |
_aNational Science Library _cNational Science Library |
||
| 080 |
_a808.50(07) _bK2-1 |
||
| 100 |
_aSova, Milos _98581 |
||
| 245 |
_aPractical Czech course: _bFor English-speaking students |
||
| 260 |
_aLondon: _c1961 |
||
| 300 | _a105p. | ||
| 650 | _aLanguage | ||
| 653 | _aVocabulary | ||
| 942 |
_2udc _cREF |
||
| 999 |
_c28522 _d28522 |
||